[Event "RD-2015-0-00115"]
[Site "LSS email"]
[Date "2015.06.10"]
[Round "?"]
[White "Urbelz, Ignacio"]
[Black "Sirotkin, Evgenji"]
[Result "0-1"]
[WhiteElo "1518"]
[BlackElo "1789"]
[PlyCount "78"]
[EventDate "2015.02.16"]
[EventType "tourn (corr)"]
[EventRounds "6"]
[EventCountry "GER"]
[SourceTitle "Corr 2022"]
[Source "ChessBase"]
[SourceDate "2021.10.24"]
[SourceVersion "1"]
[SourceVersionDate "2021.10.24"]
[SourceQuality "1"]

1. g3 d5 2. Bg2 Nf6 3. Nf3 c5 4. d3 e6 5. 0-0 Nc6 6. Nbd2 Be7 7. Re1 0-0 8. e4 b6 9. e5 Nd7 10. Nf1 Bb7 11. c3 b5 12. h4 b4 13. h5 h6 14. Bf4 bxc3 15. bxc3 Rb8 16. Qc2 d4 17. c4 Qa5 18. a3 Ba8 19. Bd2 Qb6 20. Bf4 Qb2 21. Qxb2 Rxb2 22. N1d2 Rfb8 23. Rab1 Bd8 24. Rxb2 Rxb2 25. Ra1 Bc7 26. Ne4 Na5 27. Nd6 Bc6 28. Rd1 Ra2 29. Rb1 Rxa3 30. Ne1 Bxg2 31. Kxg2 Rb3 32. Ra1 Nc6 33. Nb5 Bxe5 34. Nxa7 Nb4 35. Bxe5 Nxe5 36. Nb5 Nexd3 37. Nxd3 Nxd3 38. f4 Rb2+ 39. Kf3 f5 0-1

[Event "RD-2015-0-00115"]
[Site "LSS email"]
[Date "2015.06.09"]
[Round "?"]
[White "Nowak, Mathias"]
[Black "Urbelz, Ignacio"]
[Result "1/2-1/2"]
[WhiteElo "1273"]
[BlackElo "1518"]
[PlyCount "46"]
[EventDate "2015.02.16"]
[EventType "tourn (corr)"]
[EventRounds "6"]
[EventCountry "GER"]
[SourceTitle "Corr 2022"]
[Source "ChessBase"]
[SourceDate "2021.10.24"]
[SourceVersion "1"]
[SourceVersionDate "2021.10.24"]
[SourceQuality "1"]

1. e4 c6 2. d4 d5 3. Nc3 dxe4 4. Nxe4 Bf5 5. Bd3 e6 6. Nf3 Nd7 7. 0-0 Ngf6 8. Nxf6+ Nxf6 9. Bxf5 exf5 10. Qd3 Ne4 11. Nd2 Nd6 12. Re1+ Be7 13. Nb3 0-0 14. Qe3 Re8 15. Qd3 g6 16. Bh6 Ne4 17. f3 Ng5 18. c4 Ne6 19. Rad1 Bd6 20. d5 Qh4 21. g3 Bxg3 22. hxg3 Qxg3+ 23. Kh1 Qh3+ 1/2-1/2

[Event "LSS No Engine Cup 129 Preliminary 0"]
[Site "LSS email"]
[Date "2015.04.09"]
[Round "?"]
[White "Neumann, Otto"]
[Black "Urbelz, Ignacio"]
[Result "0-1"]
[WhiteElo "1164"]
[BlackElo "1933"]
[PlyCount "70"]
[EventDate "2015.04.10"]
[EventType "tourn (corr)"]
[EventRounds "6"]
[EventCountry "GER"]
[SourceTitle "Corr 2022"]
[Source "ChessBase"]
[SourceDate "2021.10.24"]
[SourceVersion "1"]
[SourceVersionDate "2021.10.24"]
[SourceQuality "1"]

1. d4 f5 2. c4 Nf6 3. Nc3 e6 4. Bg5 Be7 5. Nf3 0-0 6. e3 d5 7. Bd3 c6 8. 0-0 Nbd7 9. Rc1 Ne4 10. Bxe7 Qxe7 11. cxd5 exd5 12. a3 Ndf6 13. Ne5 Be6 14. f3 Nd6 15. Na4 Nd7 16. Nc5 Nxe5 17. dxe5 Nc4 18. Bxc4 Qxc5 19. Ba2 Qxe3+ 20. Kh1 Qxe5 21. b4 Qb2 22. Rc2 Qxa3 23. b5 Qd6 24. bxc6 bxc6 25. Qd4 a5 26. Rfc1 Rfc8 27. Rc5 a4 28. Re1 a3 29. Qe3 Re8 30. Qc1 Bd7 31. Rd1 Re6 32. Rc3 Re2 33. Rd2 Rae8 34. Rxe2 Rxe2 35. Rxa3 Qxa3 0-1

[Event "LSS No Engine Cup 129 Preliminary 0"]
[Site "LSS email"]
[Date "2015.04.09"]
[Round "?"]
[White "Urbelz, Ignacio"]
[Black "Zmolil, Karel"]
[Result "1/2-1/2"]
[WhiteElo "1933"]
[BlackElo "1593"]
[PlyCount "58"]
[EventDate "2015.04.10"]
[EventType "tourn (corr)"]
[EventRounds "6"]
[EventCountry "GER"]
[SourceTitle "Corr 2022"]
[Source "ChessBase"]
[SourceDate "2021.10.24"]
[SourceVersion "1"]
[SourceVersionDate "2021.10.24"]
[SourceQuality "1"]

1. e4 e6 2. d3 d5 3. Nd2 c5 4. g3 Nc6 5. Bg2 Nf6 6. Ngf3 Be7 7. 0-0 0-0 8. e5 Nd7 9. Re1 b5 10. Nf1 Qc7 11. Bf4 Bb7 12. h4 Rfd8 13. N1h2 h6 14. h5 Nb6 15. Ng4 d4 16. Nf6+ Kh8 17. Qc1 Bf8 18. a3 Rac8 19. Ne4 Nd5 20. a4 b4 21. b3 Rd7 22. g4 Nxf4 23. Qxf4 f6 24. Nfd2 Nxe5 25. Nc4 Nxc4 26. Qxc7 Rcxc7 27. dxc4 e5 28. Rad1 a5 29. Ng3 Kh7 1/2-1/2

[Event "LSS No Engine Cup 117 Preliminary 3"]
[Site "LSS email"]
[Date "2014.09.04"]
[Round "?"]
[White "Evans, Stanley W"]
[Black "Urbelz, Ignacio"]
[Result "0-1"]
[WhiteElo "1172"]
[BlackElo "1481"]
[PlyCount "76"]
[EventDate "2014.09.05"]
[EventType "tourn (corr)"]
[EventRounds "6"]
[EventCountry "GER"]
[SourceTitle "Corr 2015"]
[Source "ChessBase"]
[SourceDate "2015.07.17"]
[SourceVersion "1"]
[SourceVersionDate "2015.07.17"]
[SourceQuality "1"]

1. e4 c6 2. d4 d5 3. f3 e6 4. Nc3 Bb4 5. Qd3 Nf6 6. a3 Bxc3+ 7. bxc3 0-0 8. e5 Nfd7 9. Nh3 h6 10. Qd2 c5 11. Nf2 Nb6 12. Be2 Na4 13. Rb1 Nc6 14. Bb5 Qb6 15. Rb3 Qa5 16. 0-0 c4 17. Rb1 a6 18. Bxc6 bxc6 19. Rb4 c5 20. dxc5 Qxc5 21. f4 a5 22. Rb1 Bd7 23. Kh1 Rfb8 24. Ra1 Rb7 25. Ng4 Rab8 26. Ne3 Qc6 27. f5 exf5 28. Nxf5 Bxf5 29. Rxf5 Qe6 30. Rh5 Nc5 31. Rh3 Ne4 32. Qe1 Rb1 33. Rxb1 Rxb1 34. Re3 Qxe5 35. Kg1 Qf6 36. Rf3 Qb6+ 37. Kf1 Ra1 38. Ke2 Qb1 0-1